All Weird Al Polkas - Statistics

General Stats
  • This quiz has been taken 7 times
  • The average score is 11 of 14
Answer Stats
Song % Correct
Angry White Boy Polka
100%
NOW That's What I Call Polka!
100%
Polka Face
100%
Polkamania
100%
Polka Power!
80%
Polka Your Eyes Out
80%
The Hamilton Polka
80%
Bohemian Polka
60%
Hooked On Polkas
60%
Polka Party!
60%
Polkarama
60%
Polkas on 45
60%
The Alternative Polka
60%
The Hot Rocks Polka
60%
No matching quizzes found
Score Distribution
Percent of People with Each Score
Percentile by Number Answered
Your Score History
You have not taken this quiz